000
00284nam a2200109Ia 4500
008
180205s9999 xx 000 0 und d
020
_a
1570761159
100
_a
Nicol, Gloria
245
4
_a
The linen cupboard /
260
_a
USA
_b
Trafalgar Square publishing
_c
1998
300
_a
80 pages
999
_c
354704
_d
354704